Missing Word: Four Erics Quiz Stats

 Plays Quiz Updated Mar 31, 2018

Challenge
Share
Tweet
Embed
Score 0/20 Timer 04:00
0 Plays Today
Eric Missing Word % Correct
Eric Bana (Actor)Star
99.6%
Eric McCormack (Actor)Will
95.6%
Eric Bana (Actor)Hawk
95.6%
Eric Clapton (Musician)Shot
94.3%
Eric Arthur Blair (pseudonym George Orwell)Nineteen
92.2%
Eric Arthur Blair (pseudonym George Orwell)Farm
90.2%
Eric Bana (Actor)Wife
88.1%
Eric Bana (Actor)Other
85.2%
Eric Arthur Blair (pseudonym George Orwell)Air
79.1%
Eric McCormack (Actor)Strain
78.7%
Eric Missing Word % Correct
Eric McCormack (Actor)Old
77.7%
Eric McCormack (Actor)Dove
74.5%
Eric Clapton (Musician)Tears
73%
Eric Arthur Blair (pseudonym George Orwell)Down
72.8%
Eric Clapton (Musician)World
50.7%
Eric Clapton (Musician)Tonight
49.1%
Eric McCormack (Actor)Me
46%
Eric Arthur Blair (pseudonym George Orwell)Road
43.7%
Eric Bana (Actor)People
36.7%
Eric Clapton (Musician)Eyes
26.2%

Today's Daily Dose

You're not logged in!

Compare scores with friends on all Sporcle quizzes.
Join for Free
OR
Log In

You Might Also Like...

Show Comments

Extras

Top Quizzes Today


Score Distribution

Your Account Isn't Verified!

In order to create a playlist on Sporcle, you need to verify the email address you used during registration. Go to your Sporcle Settings to finish the process.

Report this User

Report this user for behavior that violates our Community Guidelines.

Details: